| 000 | 00534 a2200169 4500 | ||
|---|---|---|---|
| 020 | _a0471149993 | ||
| 040 |
_aDLC _bDLC |
||
| 100 | 1 | _aSoukup, Tom, | |
| 245 | 1 | 0 |
_aVisual data mining : techniques and tools for data visualization and mining _cTom Soukup, Ian Davidson. |
| 260 |
_aNewDelhi : _bJohn Wiley , _cc2002. |
||
| 300 |
_a xxxi, 382 p. : _bill. ; _c24 cm. |
||
| 500 | _a"Wiley Computer Publishing." | ||
| 650 | 0 | _aData mining. | |
| 650 | 0 | _aDatabase searching. | |
| 700 | 1 |
_aDavidson, Ian, _d1971- |
|
| 942 |
_cBK _k006.3 SOU _2ddc |
||
| 999 |
_c6829 _d6829 |
||